Sustainability Reporting and Its Influence on Stakeholder Decision-Making
| Szerző: | |
|---|---|
| További közreműködők: | |
| Dokumentumtípus: | Diplomadolgozat |
| Kulcsszavak: | CSR financial reporting regulatory compliance stakeholder-elmélet sustainability |
| Online Access: | http://dolgozattar.uni-bge.hu/58263 |
MARC
| LEADER | 00000nta a2200000 i 4500 | ||
|---|---|---|---|
| 001 | dolg58263 | ||
| 005 | 20250923130425.0 | ||
| 008 | 250923suuuu hu om 000 eng d | ||
| 040 | |a BGE Dolgozattár Repozitórium |b hun | ||
| 041 | |a en | ||
| 100 | 1 | |a Giap Phuong Quynh | |
| 245 | 1 | 0 | |a Sustainability Reporting and Its Influence on Stakeholder Decision-Making |c Giap Phuong Quynh |h [elektronikus dokumentum] |
| 520 | 3 | |a I want to examine and delve into the question of: How do sustainability regulations and stakeholder expectations influence corporate decision-making in balancing environmental responsibility and financial performance? To explore this on a deeper level I will research through case studies, data analysis, and the interview of experts, and I will investigate what CSR (Corporate Social Responsibility) and ESG (Environmental, Social and Governance) are, and how companies comply using these initiatives as a response to the growing demand from stakeholders for these sustainability reporting. Analysing Coca-Cola HBC’s sustainability reports will give us a better insight into these initiatives in practice. Aiming to uncover how these initiatives are communicated, measured, and aligned with the business performance and environmental goals of the company. | |
| 695 | |a CSR | ||
| 695 | |a financial reporting | ||
| 695 | |a regulatory compliance | ||
| 695 | |a stakeholder-elmélet | ||
| 695 | |a sustainability | ||
| 700 | 1 | |a Leskó Dániel |e ths | |
| 700 | 1 | |a Sági Dr. habil. Judit |e ths | |
| 856 | 4 | 0 | |u http://dolgozattar.uni-bge.hu/58263/1/Giap_Phuong_Quynh_RT3U2R.pdf |z Dokumentum-elérés |
| 856 | 4 | 0 | |u http://dolgozattar.uni-bge.hu/58263/2/BA_O_GIAP_PHUONG_QUYNH.pdf |z Dokumentum-elérés |
| 856 | 4 | 0 | |u http://dolgozattar.uni-bge.hu/58263/3/Consultant%20Thesis%20Review%20by%20Daniel%20Lesko%20for%20Phuong%20Quynh%20Giap.pdf |z Dokumentum-elérés |
| 856 | 4 | 0 | |u http://dolgozattar.uni-bge.hu/58263/4/thesis%20review_2025may_Giap%20Phuong%20Quynh.pdf |z Dokumentum-elérés |